000 00420nam a2200157Ia 4500
008 100122s9999 xx 000 0 und d
082 _b6140
_a342.54
100 _aदेवगिरीकर त्र्यं र
245 _aघटना परिचय
250 _a0
260 _c1924
300 _a70
630 _aघटना परिचय
730 _aघटना परिचय
942 _cBOOK
999 _c399242
_d399239